000 00293nam a2200109Ia 4500
008 200302s9999 xx 000 0 und d
100 _aManfred M. Fischer & Ohters
245 _aRegional Housing and Labour Markets
260 _bAn Elgar Reference Collection
260 _c1996
300 _a553 P.,
999 _c5585
_d5585